That's Not my Dog! - Statistics

General Stats
  • This quiz has been taken 20 times
  • The average score is 4 of 10
Answer Stats
Question Answer % Correct
Hubert (The Phoenix) Rothko
71%
Jake Gyllenhaal That's not my dog!
71%
Hugh Jackman Allegra
57%
Barack Obama Bo
57%
Adam Sandler Babu
43%
Kylie Jenner That's not my dog!
43%
Miley Cyrus That's not my dog!
29%
Megan Thee Stallion That's not my dog!
29%
Viola Davis That's not my dog!
29%
Lady Gaga Asia
14%
No matching quizzes found
Score Distribution
Percent of People with Each Score
Percentile by Number Answered
Your Score History
You have not taken this quiz